[Event "Campeonato de Aragon por Equipos 2025 - "]
[Site "?"]
[Date "2025.03.01"]
[Round "6.15"]
[White "Munoz Perez, Ivan"]
[Black "Escartin Lacasa, Jose"]
[Result "0-1"]
[WhiteElo "2231"]
[BlackElo "2296"]
[PlyCount "66"]
[GameId "2152100656980160"]
[EventDate "2025.01.25"]
[WhiteTeam "El Olivar"]
[BlackTeam "Jaque - Aramovil"]

1. e4 c5 2. c3 d5 3. exd5 Qxd5 4. d4 Nc6 5. Nf3 Nf6 6. Be2 e6 7. O-O Be7 8. h3 O-O 9. Be3 cxd4 10. cxd4 b6 11. Nc3 Qd8 12. a3 Bb7 13. b4 Nd5 14. Nxd5 Qxd5 15. Rc1 Rfd8 16. Bc4 Qd6 17. Qd3 Bf6 18. Rfd1 Ne7 19. Ng5 Bxg5 20. Bxg5 h6 21. Bh4 Rdc8 22. Bg3 Qc6 23. f3 b5 24. Bxb5 Qxc1 25. Rxc1 Rxc1+ 26. Kh2 Rac8 27. Ba6 Bxa6 28. Qxa6 Nd5 29. Qxa7 R8c2 30. Be5 Re2 31. Qb8+ Kh7 32. Qf8 f6 33. Bg3 Ne3 0-1

[Event "Campeonato de Aragon por Equipos 2025 - "]
[Site "?"]
[Date "2025.03.01"]
[Round "6.16"]
[White "Ereza Vizcarra, Fernando"]
[Black "Miranda Herrera, Miguel"]
[Result "1-0"]
[WhiteElo "2120"]
[BlackElo "2160"]
[PlyCount "61"]
[GameId "2152100657021121"]
[EventDate "2025.01.25"]
[WhiteTeam "Jaque - Aramovil"]
[BlackTeam "El Olivar"]

1. d4 Nf6 2. Nf3 d5 3. g3 c5 4. Bg2 cxd4 5. O-O h6 6. b3 Nc6 7. Nxd4 e5 8. Nxc6 bxc6 9. c4 Be6 10. Bb2 Qd6 11. Qc2 Be7 12. cxd5 cxd5 13. Bxe5 Qd7 14. Nd2 Rc8 15. Qb2 Bh3 16. Rfc1 O-O 17. Nf3 Bxg2 18. Kxg2 Qf5 19. Rxc8 Rxc8 20. Rc1 Re8 21. Bd4 a5 22. Rc6 Nh5 23. Qc2 Qg4 24. e3 Nf6 25. Ne5 Qh5 26. Rc8 Bd6 27. Rxe8+ Nxe8 28. Qc6 f6 29. g4 Qh4 30. Qxe8+ Kh7 31. Qh8+ 1-0

[Event "Campeonato de Aragon por Equipos 2025 - "]
[Site "?"]
[Date "2025.03.01"]
[Round "6.17"]
[White "Hinojar Basa, Alfonso"]
[Black "Llorente Zaro, Alfonso"]
[Result "1/2-1/2"]
[WhiteElo "2197"]
[BlackElo "2444"]
[PlyCount "133"]
[GameId "2152100657057986"]
[EventDate "2025.01.25"]
[WhiteTeam "Marcos Frechin A"]
[BlackTeam "Agrupacion"]

1. e4 c5 2. Nf3 e6 3. d4 cxd4 4. Nxd4 Bc5 5. Nb3 Bb6 6. g3 d5 7. Bg2 Ne7 8. O-O Nbc6 9. Nc3 d4 10. Na4 e5 11. Nxb6 Qxb6 12. a4 Be6 13. a5 Qb5 14. Ra3 Rd8 15. Re1 O-O 16. Bf1 Bc4 17. Bxc4 Qxc4 18. Qe2 Qxe2 19. Rxe2 Nb4 20. c3 dxc3 21. bxc3 Rd1+ 22. Kg2 Nd3 23. Be3 Rc8 24. Rd2 Rxd2 25. Nxd2 Ne1+ 26. Kf1 Nc2 27. Rb3 Nxe3+ 28. fxe3 Rc7 29. Ke2 Nc8 30. Kd3 Rd7+ 31. Kc2 f6 32. Rb5 Kf8 33. Nb3 Nd6 34. Rd5 Ke7 35. Kd3 Rc7 36. Rc5 Kd7 37. c4 Rxc5 38. Nxc5+ Kc6 39. Ne6 Ne8 40. g4 Kd6 41. Nf8 g5 42. Nxh7 b6 43. axb6 axb6 44. Kc3 Ke7 45. Kb4 Kf7 46. c5 bxc5+ 47. Kxc5 Kg7 48. Kc6 Kf7 49. Kd7 Ng7 50. Kd6 Ne6 51. h3 Nd8 52. Kc7 Ke7 53. Nf8 Nf7 54. Ng6+ Ke6 55. Nf8+ Ke7 56. Ng6+ Ke8 57. Kc6 Nd8+ 58. Kc7 Ne6+ 59. Kd6 Nf4 60. Nxe5 fxe5 61. Kxe5 Nxh3 62. Kf6 Kf8 63. e5 Ke8 64. e6 Kf8 65. e7+ Ke8 66. e4 Nf2 67. Kxg5 1/2-1/2

[Event "Campeonato de Aragon por Equipos 2025 - "]
[Site "?"]
[Date "2025.03.01"]
[Round "6.18"]
[White "Remiro Juste, Fernando Jose"]
[Black "Atares Buisan, Sergio"]
[Result "0-1"]
[WhiteElo "2208"]
[BlackElo "2107"]
[PlyCount "86"]
[GameId "2152100657094851"]
[EventDate "2025.01.25"]
[WhiteTeam "Agrupacion"]
[BlackTeam "Marcos Frechin A"]

1. c4 c5 2. Nc3 Nc6 3. g3 Nf6 4. Bg2 g6 5. Nf3 Bg7 6. O-O O-O 7. a3 d5 8. cxd5 Nxd5 9. Qc2 Bg4 10. e3 e5 11. Ne1 Nde7 12. b4 Bf5 13. e4 Nd4 14. Qb2 Be6 15. bxc5 Nb3 16. Rb1 Nxc5 17. d3 Rc8 18. Be3 b6 19. Nb5 Nc6 20. Bxc5 bxc5 21. Nf3 Qe7 22. Rfc1 Rfd8 23. Qc2 a6 24. Nc3 Nd4 25. Qa4 Nxf3+ 26. Bxf3 Rxd3 27. Be2 Rd6 28. Rd1 c4 29. Qa5 Rxd1+ 30. Rxd1 Bf8 31. Nd5 Qxa3 32. Nf6+ Kh8 33. Qxe5 Bg7 34. Qf4 Qe7 35. e5 a5 36. Rc1 c3 37. Ba6 Ra8 38. Bd3 Qb4 39. Qf3 Rc8 40. Ba6 Qb2 41. Qe3 Rc6 42. Rd1 Qb8 43. Bb7 c2 0-1

[Event "Campeonato de Aragon por Equipos 2025 - "]
[Site "?"]
[Date "2025.03.01"]
[Round "6.19"]
[White "Perez Tomas, Juan Manuel"]
[Black "Roque Sola, Gisela"]
[Result "0-1"]
[WhiteElo "1959"]
[BlackElo "2084"]
[PlyCount "60"]
[GameId "2152100657131716"]
[EventDate "2025.01.25"]
[WhiteTeam "Marcos Frechin A"]
[BlackTeam "Agrupacion"]

1. e4 e6 2. d4 d5 3. e5 c5 4. c3 Nc6 5. Nf3 Nge7 6. Na3 cxd4 7. cxd4 Nf5 8. Nc2 Be7 9. Bd3 Bd7 10. O-O Qb6 11. Kh1 Rc8 12. Rb1 Na5 13. g4 Nh4 14. Nxh4 Bxh4 15. g5 Bb5 16. Bxb5+ Qxb5 17. Na3 Qa6 18. Be3 b5 19. Qe2 O-O 20. f4 Nc4 21. Nxc4 dxc4 22. Kg2 Qxa2 23. Ra1 Qb3 24. Ra3 Qb4 25. Rxa7 c3 26. bxc3 Rxc3 27. Ra2 Qb3 28. Kf3 Rxe3+ 29. Qxe3 Qxa2 30. Kg4 Qg2+ 0-1

[Event "Campeonato de Aragon por Equipos 2025 - "]
[Site "?"]
[Date "2025.03.01"]
[Round "6.20"]
[White "Barros Gutierrez, Angel Luis"]
[Black "Moya Gimeno, Raul"]
[Result "0-1"]
[WhiteElo "1970"]
[BlackElo "1958"]
[PlyCount "90"]
[GameId "2152100657164485"]
[EventDate "2025.01.25"]
[WhiteTeam "Agrupacion"]
[BlackTeam "Marcos Frechin A"]

1. d4 Nf6 2. c4 g6 3. Nc3 Bg7 4. e4 d6 5. h3 O-O 6. Be3 e5 7. d5 a5 8. g4 Na6 9. Nge2 Nd7 10. h4 Ndc5 11. Ng3 c6 12. f3 f5 13. gxf5 gxf5 14. exf5 Bxf5 15. Nce4 Bxe4 16. fxe4 Rf4 17. Qd2 Nb4 18. O-O-O Rf3 19. Qg2 Nxa2+ 20. Kb1 Nc3+ 21. Kc2 Nxd1 22. Bxc5 Qf8 23. Nf5 Rxf5 24. exf5 dxc5 25. Kxd1 Qxf5 26. Kc1 Kh8 27. Qc2 Qf4+ 28. Kb1 cxd5 29. cxd5 Qd4 30. Bc4 b5 31. Bd3 Rf8 32. Rf1 Rxf1+ 33. Bxf1 c4 34. Qf5 Qd1+ 35. Ka2 Qb3+ 36. Ka1 Qb4 37. Qe6 Qe1+ 38. Ka2 Qxf1 39. d6 b4 40. Qe8+ Bf8 41. Qxe5+ Kg8 42. Qd5+ Qf7 43. Qg5+ Bg7 44. Qd8+ Qf8 45. Qxa5 b3+ 0-1

[Event "Campeonato de Aragon por Equipos 2025 - "]
[Site "?"]
[Date "2025.03.01"]
[Round "6.21"]
[White "Garza Marco, Sergio"]
[Black "Villuendas Valero, Adrian"]
[Result "1-0"]
[WhiteElo "2384"]
[BlackElo "2240"]
[PlyCount "79"]
[GameId "2152100657201350"]
[EventDate "2025.01.25"]
[WhiteTeam "Helios"]
[BlackTeam "Aulazenter"]

1. d4 e6 2. c4 Bb4+ 3. Bd2 a5 4. g3 d6 5. Bg2 e5 6. e3 Nf6 7. Ne2 O-O 8. Nbc3 Nc6 9. d5 Nb8 10. h3 Na6 11. O-O Nc5 12. Qc2 Qe7 13. Rae1 Bd7 14. e4 Bxc3 15. Nxc3 Nh5 16. Be3 f6 17. b3 Na6 18. a3 Qf7 19. Qd2 g5 20. Kh2 Kh8 21. b4 Rg8 22. Ne2 axb4 23. axb4 Qg6 24. Rg1 b5 25. c5 g4 26. h4 f5 27. exf5 Bxf5 28. Ra1 Bd3 29. Rge1 Nf6 30. Ra3 Be4 31. Rea1 Bxg2 32. Kxg2 Qe4+ 33. Kh2 Nxd5 34. Rxa6 Rxa6 35. Rxa6 Nxb4 36. Ra7 Nd3 37. cxd6 Rf8 38. Nc3 Qf5 39. dxc7 b4 40. Nd5 1-0

[Event "Campeonato de Aragon por Equipos 2025 - "]
[Site "?"]
[Date "2025.03.01"]
[Round "6.22"]
[White "Asensio Asensio, Nicolas"]
[Black "Navarro Alonso, Jorge"]
[Result "1/2-1/2"]
[WhiteElo "2178"]
[BlackElo "2182"]
[PlyCount "93"]
[GameId "2152100657234119"]
[EventDate "2025.01.25"]
[WhiteTeam "Aulazenter"]
[BlackTeam "Helios"]

1. e4 c5 2. Nf3 Nc6 3. d4 cxd4 4. Nxd4 e5 5. Nb5 d6 6. N1c3 a6 7. Na3 Be7 8. Nc4 b5 9. Ne3 Nf6 10. Bd3 O-O 11. O-O Nb4 12. Be2 Be6 13. a3 Nc6 14. Bd3 Rc8 15. Ncd5 Na5 16. a4 Nc4 17. axb5 axb5 18. Ra7 Nxe3 19. Nxe7+ Qxe7 20. Bxe3 Rc7 21. Rxc7 Qxc7 22. Bg5 Bc4 23. Bxf6 gxf6 24. h4 Kh8 25. Qf3 Qe7 26. Ra1 Qe6 27. b3 Bxd3 28. Qxd3 Rg8 29. g3 Qh3 30. Ra6 Qxh4 31. Rxd6 Qg5 32. Qf3 Rg6 33. Kg2 f5 34. Qxf5 Qxf5 35. Rd8+ Kg7 36. exf5 Rc6 37. Rd5 Kf6 38. Rxb5 Rxc2 39. g4 Kg5 40. Rb4 h5 41. gxh5 Kxh5 42. Rb7 Rb2 43. b4 f6 44. b5 Kg4 45. b6 Kxf5 46. Rb8 Kf4 47. b7 1/2-1/2

[Event "Campeonato de Aragon por Equipos 2025 - "]
[Site "?"]
[Date "2025.03.01"]
[Round "6.23"]
[White "Torcal Miguel, Oscar"]
[Black "Miranda Herrera, Jorge Manuel"]
[Result "1-0"]
[WhiteElo "2115"]
[BlackElo "2101"]
[PlyCount "65"]
[GameId "2152100657270984"]
[EventDate "2025.01.25"]
[WhiteTeam "Helios"]
[BlackTeam "Aulazenter"]

1. c4 Nf6 2. g3 g6 3. Bg2 Bg7 4. Nc3 O-O 5. Rb1 d6 6. d3 c5 7. a3 Nc6 8. e4 Ne8 9. Nge2 Nc7 10. h3 a5 11. O-O Ne6 12. Bd2 Ned4 13. Nxd4 Nxd4 14. Ne2 a4 15. Bc3 f5 16. exf5 Bxf5 17. Nxd4 Bxd4 18. Bxd4 cxd4 19. g4 Bc8 20. f4 e5 21. fxe5 dxe5 22. Bd5+ Kg7 23. Qe2 Rxf1+ 24. Rxf1 Qg5 25. Rf7+ Kh6 26. Kf1 Ra6 27. Qf2 Be6 28. Rxb7 Qc1+ 29. Kg2 Bxd5+ 30. cxd5 Kg5 31. h4+ Kxg4 32. Qf3+ Kxh4 33. Qg3+ 1-0

[Event "Campeonato de Aragon por Equipos 2025 - "]
[Site "?"]
[Date "2025.03.01"]
[Round "6.24"]
[White "Iravedra Ainkov, Francisco"]
[Black "Cerrajeria Ruiz, Jesus Maria"]
[Result "0-1"]
[WhiteElo "1963"]
[BlackElo "2072"]
[PlyCount "42"]
[GameId "2152100657365193"]
[EventDate "2025.01.25"]
[WhiteTeam "Aulazenter"]
[BlackTeam "Helios"]

1. e4 c5 2. c3 d5 3. exd5 Qxd5 4. d4 Nc6 5. Nf3 Bf5 6. dxc5 Qxd1+ 7. Kxd1 O-O-O+ 8. Ke1 e5 9. Be3 Nf6 10. Bb5 Nd5 11. Bxc6 bxc6 12. b4 Bxb1 13. Rxb1 Nxc3 14. Rc1 Nxa2 15. Ra1 Nxb4 16. Rxa7 Rd7 17. Ra8+ Kb7 18. Ra5 f6 19. Ke2 Nd5 20. Rb1+ Kc7 21. Ra8 Nc3+ 0-1

[Event "Campeonato de Aragon por Equipos 2025 - "]
[Site "?"]
[Date "2025.03.01"]
[Round "6.25"]
[White "Lopez Caudevilla, David"]
[Black "Romero Pallares, Daniel"]
[Result "1/2-1/2"]
[WhiteElo "2186"]
[BlackElo "2252"]
[PlyCount "35"]
[GameId "2152100657402058"]
[EventDate "2025.01.25"]
[WhiteTeam "Actur Rey Fernando"]
[BlackTeam "Palacio De Pioneros"]

1. Nf3 Nf6 2. g3 g6 3. Bg2 Bg7 4. O-O c5 5. d3 O-O 6. e4 Nc6 7. Re1 d6 8. Nc3 e5 9. a3 h6 10. Rb1 Re8 11. b4 b6 12. Nd2 Bg4 13. f3 Bc8 14. Nc4 Nd4 15. Be3 Bb7 16. Qd2 Kh7 17. Rf1 d5 18. exd5 (18. Nxd5 Nxd5 19. exd5 Bxd5 20. bxc5 bxc5 21. Qf2 Rc8 22. Bxd4 cxd4 23. f4 e4 24. f5 Rxc4 25. dxc4 Bxc4 26. fxg6+ fxg6 27. Rb7 Re7 28. Rxe7 Qxe7 29. Re1 e3 30. Qf4 Qc5 31. Be4 Qa5 32. Rb1 e2 33. Kf2 Qc3 34. h4 Qe3+ 35. Qxe3 dxe3+ 36. Kxe3 Bc3 37. Kf2 Bd4+) 1/2-1/2

[Event "Campeonato de Aragon por Equipos 2025 - "]
[Site "?"]
[Date "2025.03.01"]
[Round "6.26"]
[White "Palacios Herrero, Pablo"]
[Black "Perez Puyal, Jose Joaquin"]
[Result "1-0"]
[WhiteElo "2203"]
[BlackElo "1901"]
[PlyCount "129"]
[GameId "2152100657443019"]
[EventDate "2025.01.25"]
[WhiteTeam "Palacio De Pioneros"]
[BlackTeam "Actur Rey Fernando"]

1. e4 d5 2. exd5 Qxd5 3. Nc3 Qd6 4. d4 Nf6 5. Nf3 c6 6. g3 Bg4 7. Bg2 e6 8. O-O Qc7 9. Re1 Be7 10. Qd3 Bf5 11. Qe2 O-O 12. Ne5 Nbd7 13. g4 Nxe5 14. gxf5 Neg4 15. h3 Nh6 16. Bxh6 gxh6 17. fxe6 Kh8 18. Qe5 Qxe5 19. Rxe5 Bd6 20. Re3 fxe6 21. Rxe6 Rad8 22. Rd1 Bb4 23. Nb1 Kg7 24. c3 Bd6 25. Nd2 Rf7 26. Nc4 Bc7 27. Ne5 Bxe5 28. Rxe5 Rdf8 29. Rde1 Nd7 30. Re7 Nb6 31. b3 Nc8 32. Rxf7+ Rxf7 33. Re6 Re7 34. Rxe7+ Nxe7 35. Be4 Nc8 36. Kg2 Nd6 37. Bd3 Kf6 38. Kf3 Kg5 39. Kg3 b6 40. h4+ Kf6 41. Kf4 a5 42. a4 c5 43. dxc5 bxc5 44. Bxh7 Ke6 45. Bd3 Kf6 46. Bb1 Nf7 47. Ke4 Ke6 48. Kf4 Kf6 49. Be4 Ne5 50. Bd5 Nd3+ 51. Ke3 Ne5 52. f4 Ng6 53. h5 Ne7 54. Be4 Nc8 55. Kd3 Nd6 56. Bh7 Kg7 57. Bg6 Kf6 58. b4 cxb4 59. cxb4 axb4 60. Kd4 Ke6 61. Kc5 b3 62. Kb4 b2 63. Kb3 b1=Q+ 64. Bxb1 Nb7 65. Kb4 1-0

[Event "Campeonato de Aragon por Equipos 2025 - "]
[Site "?"]
[Date "2025.03.01"]
[Round "6.27"]
[White "Aviol Perez, Jose Mariano"]
[Black "Zambrana Petisme, Ramiro"]
[Result "1-0"]
[WhiteElo "1884"]
[BlackElo "2102"]
[PlyCount "31"]
[GameId "2152100657492172"]
[EventDate "2025.01.25"]
[WhiteTeam "Actur Rey Fernando"]
[BlackTeam "Palacio De Pioneros"]

1. d4 Nf6 2. Nf3 g6 3. Nc3 d5 4. Bf4 Bg7 5. e3 Nh5 6. Bg5 h6 7. Bh4 g5 8. Ne5 Nf6 9. Bg3 Bf5 10. Bd3 Bxd3 11. Qxd3 e6 12. Qb5+ Nbd7 13. Qxb7 Rb8 14. Qxa7 Rxb2 15. Nc6 Qc8 16. Qa3 1-0

[Event "Campeonato de Aragon por Equipos 2025 - "]
[Site "?"]
[Date "2025.03.01"]
[Round "6.28"]
[White "Dan, Teodor"]
[Black "Garcia Alvarez, Sergio"]
[Result "1-0"]
[WhiteElo "2068"]
[BlackElo "1879"]
[PlyCount "77"]
[GameId "2152100657541325"]
[EventDate "2025.01.25"]
[WhiteTeam "Palacio De Pioneros"]
[BlackTeam "Actur Rey Fernando"]

1. c4 e6 2. g3 d5 3. Bg2 c5 4. Nf3 Nc6 5. cxd5 exd5 6. d4 Nf6 7. Nc3 Be7 8. O-O O-O 9. Be3 c4 10. h3 Re8 11. Ne5 Be6 12. f4 Bb4 13. Qc2 Bxc3 14. bxc3 g6 15. g4 Nxe5 16. dxe5 Ne4 17. Bd4 Qd7 18. Qc1 Ng3 19. Rf2 f5 20. exf6 Kf7 21. Qe3 Ne4 22. f5 Nxf2 23. fxe6+ Qxe6 24. Qxf2 g5 25. Rb1 b6 26. Bf3 Rad8 27. Qg2 h6 28. Rb5 Kf8 29. h4 Rd6 30. hxg5 hxg5 31. Qh2 Qd7 32. Qh6+ Kf7 33. Qxg5 Qxb5 34. Qg7+ Ke6 35. f7 Rdd8 36. Qg6+ Kd7 37. fxe8=Q+ Rxe8 38. g5 Qb1+ 39. Qxb1 1-0

[Event "Campeonato de Aragon por Equipos 2025 - "]
[Site "?"]
[Date "2025.03.01"]
[Round "6.29"]
[White "Ramo Frontinan, Cristobal"]
[Black "Ciriano Lamban, Alejandro"]
[Result "1/2-1/2"]
[WhiteElo "2293"]
[BlackElo "2014"]
[PlyCount "150"]
[GameId "2152100657578190"]
[EventDate "2025.01.25"]
[WhiteTeam "Maristas"]
[BlackTeam "Marcos Frechin B"]

1. Nf3 d5 2. d4 Nf6 3. c4 e6 4. Nc3 c6 5. e3 Bd6 6. Bd3 Nbd7 7. O-O O-O 8. e4 dxe4 9. Nxe4 Be7 10. b3 Nxe4 11. Bxe4 Bf6 12. Bb2 Qc7 13. Re1 Rd8 14. Qc2 g6 15. Rad1 b6 16. h4 Bb7 17. h5 Bg7 18. hxg6 hxg6 19. Ng5 Nf8 20. Bf3 Qe7 21. Ne4 f5 22. Ng3 Qh4 23. Ne2 g5 24. g4 f4 25. Kg2 c5 26. Bxb7 Qxg4+ 27. Kf1 f3 28. Bxf3 Qxf3 29. Ng1 Qf6 30. Qe4 cxd4 31. Bxd4 Qg6 32. Qe3 Bxd4 33. Rxd4 Rxd4 34. Qxd4 Qg7 35. Qe4 Rd8 36. Nf3 Qg6 37. Qxg6+ Nxg6 38. Nxg5 e5 39. Nf3 Re8 40. Rd1 e4 41. Ng5 e3 42. Re1 Re5 43. Nf3 Ra5 44. a4 exf2 45. Kxf2 Kf7 46. Nd4 Re5 47. Nb5 Rxe1 48. Kxe1 a6 49. Nc7 a5 50. Nd5 Ke6 51. Nxb6 Kd6 52. Nd5 Kc5 53. Kd2 Kd4 54. Nc7 Nf4 55. Kc2 Ne2 56. Ne6+ Ke3 57. Nc5 Nd4+ 58. Kb2 Kd2 59. Ne4+ Ke3 60. Nf6 Nc6 61. Nd5+ Kd2 62. Ka3 Kd3 63. b4 Kxc4 64. Nb6+ Kc3 65. b5 Nd4 66. Nd5+ Kc4 67. Ne3+ Kc3 68. b6 Nc6 69. b7 Nb8 70. Nf5 Kc4 71. Ne7 Kc5 72. Kb3 Kb6 73. Kc4 Kxb7 74. Kb5 Nd7 75. Nd5 Ka7 1/2-1/2

[Event "Campeonato de Aragon por Equipos 2025 - "]
[Site "?"]
[Date "2025.03.01"]
[Round "6.30"]
[White "Portero Garnica, Miguel Angel"]
[Black "Naya Sancho, Jose Ignacio"]
[Result "1-0"]
[WhiteElo "2022"]
[BlackElo "2076"]
[PlyCount "127"]
[GameId "2152100657619151"]
[EventDate "2025.01.25"]
[WhiteTeam "Marcos Frechin B"]
[BlackTeam "Maristas"]

1. e4 c5 2. Nf3 Nc6 3. d4 cxd4 4. Nxd4 Nf6 5. Nc3 d6 6. Be2 e5 7. Nb3 Be6 8. Bg5 Be7 9. O-O O-O 10. Qd2 a5 11. Rad1 a4 12. Nc1 Nd4 13. Bxf6 Bxf6 14. Nb5 Rc8 15. Nxd4 exd4 16. f4 Qb6 17. Nd3 a3 18. b3 Rc3 19. Kh1 Qc6 20. e5 dxe5 21. fxe5 Rxc2 22. Bf3 Rxd2 23. Bxc6 Rxd1 24. Rxd1 bxc6 25. exf6 gxf6 26. Kg1 Bf5 27. Kf2 Re8 28. Nc5 Rd8 29. Ke1 Kf8 30. Kd2 Rd5 31. Rc1 Ke7 32. Na4 Kd6 33. Nb6 Rc5 34. Nc4+ Kc7 35. Rf1 Kd7 36. Rf4 Bb1 37. Rxd4+ Ke6 38. Nxa3 Bxa2 39. Rb4 Ra5 40. Nc2 Bb1 41. Nd4+ Kd5 42. Ne2 Rb5 43. Rxb5+ cxb5 44. Nc3+ Kd4 45. Nxb1 b4 46. Ke2 f5 47. g3 f6 48. h4 h5 49. Nd2 Kc3 50. Ke3 Kc2 51. Ke2 Kc3 52. Kd1 Kb2 53. Nf3 Kxb3 54. Nd4+ Ka2 55. Kc2 Ka3 56. Nxf5 Ka2 57. Nd4 f5 58. Nb3 Ka3 59. Nc1 Ka4 60. Ne2 Ka3 61. Kb1 Kb3 62. Nd4+ Kc3 63. Nxf5 Kd3 64. Ng7 1-0

[Event "Campeonato de Aragon por Equipos 2025 - "]
[Site "?"]
[Date "2025.03.01"]
[Round "6.31"]
[White "Campo Millan, Diego"]
[Black "Sanz Pueyo, Adrian"]
[Result "1-0"]
[WhiteElo "2060"]
[BlackElo "2009"]
[PlyCount "105"]
[GameId "2152100657680592"]
[EventDate "2025.01.25"]
[WhiteTeam "Maristas"]
[BlackTeam "Marcos Frechin B"]

1. Nf3 d5 2. b3 Nf6 3. e3 c5 4. Bb2 e6 5. Be2 Bd6 6. O-O O-O 7. c4 Nc6 8. d4 cxd4 9. Nxd4 e5 10. Nb5 Bb8 11. cxd5 Nxd5 12. N1c3 Nxc3 13. Nxc3 Qh4 14. g3 Qh6 15. Bf3 Bh3 16. Re1 Rd8 17. Qe2 f5 18. Qc4+ Kh8 19. Rad1 Bc7 20. Rxd8+ Rxd8 21. Rd1 Rf8 22. Rd7 e4 23. Nxe4 Be5 24. Nc3 Qg6 25. Rxb7 Nd8 26. Rxa7 f4 27. Ra6 Be6 28. Qe4 fxg3 29. hxg3 Qf6 30. Nd5 Qxf3 31. Qxf3 Rxf3 32. Bxe5 Bxd5 33. Rd6 Bg8 34. Rxd8 Rf5 35. f4 h6 36. Rd7 Rf7 37. Rxf7 Bxf7 38. Kf2 Kg8 39. e4 Kf8 40. Ke3 g6 41. Kd4 Ke7 42. Kc3 Be8 43. a4 Bc6 44. Kd4 Ke6 45. Bb8 h5 46. a5 Bb5 47. b4 Kd7 48. Kc5 Bd3 49. e5 Kc8 50. Bd6 Be2 51. b5 Bd3 52. a6 Be2 53. Kb4 1-0

[Event "Campeonato de Aragon por Equipos 2025 - "]
[Site "?"]
[Date "2025.03.01"]
[Round "6.32"]
[White "Prats Fares, Nahuel"]
[Black "Mccarthy, Jai"]
[Result "1-0"]
[WhiteElo "1926"]
[BlackElo "1847"]
[PlyCount "73"]
[GameId "2152100657721553"]
[EventDate "2025.01.25"]
[WhiteTeam "Marcos Frechin B"]
[BlackTeam "Maristas"]

1. d4 Nf6 2. Nc3 d5 3. Bf4 a6 4. e3 g6 5. h4 Bg7 6. Nf3 h5 7. Be2 O-O 8. O-O c5 9. dxc5 Qa5 10. Nxd5 Nxd5 11. Qxd5 Nd7 12. c3 Nf6 13. Qc4 Be6 14. Qb4 Qxb4 15. cxb4 Nd5 16. Be5 Nxb4 17. a3 f6 18. axb4 fxe5 19. Ng5 Bf7 20. Bf3 e4 21. Bxe4 Bxb2 22. Rab1 Be5 23. Nxf7 Kxf7 24. Bxb7 Ra7 25. c6 Ke6 26. Rfd1 Bc7 27. Ra1 a5 28. bxa5 Rxa5 29. Rxa5 Bxa5 30. g3 Bc7 31. Kg2 Bd6 32. f3 Rh8 33. f4 Rf8 34. e4 Bc7 35. Rd5 Bd6 36. Rg5 Rg8 37. c7 1-0

[Event "Campeonato de Aragon por Equipos 2025 - "]
[Site "?"]
[Date "2025.03.01"]
[Round "6.33"]
[White "Gracia Suarez, Jesus"]
[Black "Bonet Herbera, Isabel"]
[Result "1-0"]
[WhiteElo "2054"]
[BlackElo "1990"]
[PlyCount "113"]
[GameId "2152100657762514"]
[EventDate "2025.01.25"]
[WhiteTeam "San Jose"]
[BlackTeam "Binefar"]

1. Nc3 d5 2. e4 dxe4 3. Nxe4 Nf6 4. Ng3 e5 5. Bc4 Bc5 6. Nf3 e4 7. Qe2 O-O 8. Ng5 Bg4 9. Nxf7 Rxf7 10. Bxf7+ Kxf7 11. Qc4+ Qd5 12. Qxd5+ Nxd5 13. Nxe4 Bb6 14. d3 Nc6 15. f3 Bf5 16. c3 Re8 17. Ke2 a6 18. Bd2 Ne5 19. Rad1 Ng6 20. g3 h6 21. Bc1 a5 22. a3 Nf8 23. c4 Nf6 24. b4 axb4 25. axb4 Bd4 26. Be3 Ne6 27. Bxd4 Nxd4+ 28. Kf2 g5 29. Rhe1 Nxf3 30. Kxf3 Bg4+ 31. Ke3 Bxd1 32. Rxd1 Kg7 33. Re1 Ng4+ 34. Kd4 Nxh2 35. Ra1 Rd8+ 36. Kc3 b6 37. Ra7 Rd7 38. b5 Rf7 39. d4 Ng4 40. c5 Ne3 41. Kb3 Nd5 42. Kc4 Ne3+ 43. Kd3 Nd5 44. Nc3 Nf6 45. Kc4 h5 46. Nd5 Nxd5 47. Kxd5 h4 48. gxh4 gxh4 49. Kc6 h3 50. Ra3 h2 51. Rh3 bxc5 52. dxc5 Rf6+ 53. Kxc7 Rh6 54. Rxh2 Rxh2 55. b6 Kf6 56. b7 Rb2 57. b8=Q 1-0

[Event "Campeonato de Aragon por Equipos 2025 - "]
[Site "?"]
[Date "2025.03.01"]
[Round "6.34"]
[White "Garcia Alriols, Jesus"]
[Black "Gutierrez Mingueza, Ruben"]
[Result "1-0"]
[WhiteElo "1852"]
[BlackElo "2008"]
[PlyCount "67"]
[GameId "2152100657852627"]
[EventDate "2025.01.25"]
[WhiteTeam "Binefar"]
[BlackTeam "San Jose"]

1. e4 c5 2. Nf3 Nc6 3. d4 cxd4 4. Nxd4 Nf6 5. Nc3 e5 6. Ndb5 d6 7. Nd5 Nxd5 8. exd5 Nb8 9. a4 Be7 10. Bd2 O-O 11. Be2 a6 12. Na3 f5 13. Nc4 Nd7 14. a5 Nf6 15. Bb4 Ne8 16. Qd3 e4 17. Qa3 f4 18. O-O-O Bf5 19. f3 Rc8 20. c3 Rc7 21. Rhe1 Rf6 22. Rd4 exf3 23. Bxf3 Rh6 24. Nd2 Bg5 25. Ne4 Re7 26. Kd2 Bh4 27. Re2 Re5 28. Qb3 Qe7 29. c4 Qf7 30. Bc3 Re7 31. Kd1 Kh8 32. Qa4 Bd7 33. Qa3 Kg8 34. Rdd2 1-0

[Event "Campeonato de Aragon por Equipos 2025 - "]
[Site "?"]
[Date "2025.03.01"]
[Round "6.35"]
[White "Ferreruela Romero, Jose Joaquin"]
[Black "Perales Boal, Ivan"]
[Result "1-0"]
[WhiteElo "1972"]
[BlackElo "1795"]
[PlyCount "41"]
[GameId "2152100657889492"]
[EventDate "2025.01.25"]
[WhiteTeam "San Jose"]
[BlackTeam "Binefar"]

1. d4 d5 2. Bf4 Nf6 3. e3 g6 4. Nc3 c6 5. h4 Bg7 6. Bd3 O-O 7. h5 Qe8 8. hxg6 fxg6 9. Nf3 Bg4 10. Qd2 Bxf3 11. gxf3 Nbd7 12. O-O-O e5 13. dxe5 Nxe5 14. Bxe5 Qxe5 15. f4 Qe6 16. Kb1 Ne4 17. Bxe4 dxe4 18. Qd7 Qc4 19. Rd4 Qc5 20. Qe6+ Kh8 21. Qxg6 1-0

[Event "Campeonato de Aragon por Equipos 2025 - "]
[Site "?"]
[Date "2025.03.01"]
[Round "6.36"]
[White "Lanau Corzan, Gerardo"]
[Black "Palomar Ramon, Santiago"]
[Result "1-0"]
[WhiteElo "1780"]
[BlackElo "1943"]
[PlyCount "109"]
[GameId "2152100657926357"]
[EventDate "2025.01.25"]
[WhiteTeam "Binefar"]
[BlackTeam "San Jose"]

1. d4 c5 2. c3 cxd4 3. cxd4 d5 4. Nf3 Nc6 5. Bf4 Nf6 6. e3 Qb6 7. b3 Bg4 8. Be2 e6 9. O-O Ne4 10. Ne5 Bxe2 11. Qxe2 Bd6 12. Nd2 Nxd2 13. Qxd2 Bxe5 14. Bxe5 Nxe5 15. dxe5 O-O 16. Rac1 Rfc8 17. Rxc8+ Rxc8 18. Rc1 Rc6 19. g3 Qc7 20. Rxc6 bxc6 21. f4 c5 22. Qc3 Qb6 23. Kf2 g6 24. g4 h6 25. h4 g5 26. hxg5 hxg5 27. fxg5 a5 28. Qd3 c4 29. bxc4 Qb2+ 30. Kf3 Qxe5 31. c5 Qxg5 32. c6 Qf6+ 33. Ke2 Qb2+ 34. Kd1 Qb6 35. Qc3 Qc7 36. Qc5 a4 37. a3 Qg3 38. c7 Qxg4+ 39. Kd2 Qg2+ 40. Kc3 d4+ 41. Qxd4 Qb7 42. Qd8+ Kh7 43. c8=Q Qb3+ 44. Kd4 Qb2+ 45. Qc3 e5+ 46. Kc4 Qa2+ 47. Kd3 e4+ 48. Kd4 Qh2 49. Qf6 Qh5 50. Qe5 Qd1+ 51. Kc5 Qd8 52. Qxe4+ Kh6 53. Qf4+ Kh5 54. Qce5+ Kg6 55. Qd6+ {1-0 White wins.} 1-0

[Event "Campeonato de Aragon por Equipos 2025 - "]
[Site "?"]
[Date "2025.03.01"]
[Round "6.37"]
[White "Torrente Gayarre, Lorenzo"]
[Black "Iglesias Fernandez, Luis"]
[Result "1-0"]
[WhiteElo "1999"]
[BlackElo "1858"]
[PlyCount "57"]
[GameId "2152100657963222"]
[EventDate "2025.01.25"]
[WhiteTeam "Jaque - Aramovil B"]
[BlackTeam "Palacio De Pioneros B"]

1. d4 d6 2. Nf3 Nf6 3. c4 g6 4. Nc3 Bg7 5. Bg5 O-O 6. e3 Na6 7. Be2 c5 8. O-O Bf5 9. d5 Nc7 10. Nd2 b5 11. cxb5 Bd7 12. a4 Ncxd5 13. Nxd5 Nxd5 14. Bf3 Be6 15. Nb3 Nb4 16. Bxa8 Qxa8 17. Bxe7 Re8 18. Bxd6 Rd8 19. Nxc5 Bd5 20. e4 Bc4 21. Re1 Be5 22. Bxe5 Rxd1 23. Raxd1 Nc2 24. Nb7 Nxe1 25. Rd8+ Qxd8 26. Nxd8 Bb3 27. a5 Kf8 28. b6 Ke7 29. bxa7 1-0